[Event "CZE-ch U10"]
[Site "Kouty nad Desnou"]
[Date "2024.03.16"]
[Round "9"]
[White "Vydra, David"]
[Black "Skoloud, Josef"]
[Result "1-0"]
[WhiteElo "1583"]
[BlackElo "1564"]
[PlyCount "71"]
[EventDate "2024.03.09"]
[EventType "swiss"]
[EventRounds "9"]
[EventCountry "CZE"]
[SourceTitle "CB12_2024"]
[SourceDate "2023.10.01"]
[SourceVersion "1"]
[SourceVersionDate "2023.10.01"]
[SourceQuality "1"]

1. e4 e5 2. Nf3 Nc6 3. Nc3 Nf6 4. Bb5 Nd4 5. Bc4 Bc5 6. d3 d6 7. h3 Qe7 8. Bg5 h6 9. Bxf6 Qxf6 10. Nd5 Qd8 11. Nxd4 Bxd4 12. c3 Bb6 13. a4 c6 14. Nb4 Qf6 15. 0-0 Be6 16. Bxe6 Qxe6 17. a5 Bc5 18. Nc2 a6 19. b4 Ba7 20. d4 exd4 21. cxd4 0-0 22. Re1 Qf6 23. Ra3 c5 24. bxc5 dxc5 25. Rf3 Qd8 26. d5 Qxa5 27. Rg3 Bb8 28. e5 b5 29. Qg4 g6 30. Qf5 Qd8 31. Rxg6+ fxg6 32. Qxg6+ Kh8 33. Qxh6+ Kg8 34. Re4 Bxe5 35. Rg4+ Kf7 36. Qe6# 1-0

[Event "CZE-ch U10"]
[Site "Kouty nad Desnou"]
[Date "2024.03.11"]
[Round "4"]
[White "Vydra, David"]
[Black "Trejbal, Jindrich1"]
[Result "1-0"]
[WhiteElo "1583"]
[BlackElo "1635"]
[PlyCount "85"]
[EventDate "2024.03.09"]
[EventType "swiss"]
[EventRounds "9"]
[EventCountry "CZE"]
[SourceTitle "CB12_2024"]
[SourceDate "2023.10.01"]
[SourceVersion "1"]
[SourceVersionDate "2023.10.01"]
[SourceQuality "1"]

1. e4 e6 2. d4 d5 3. Nc3 Bb4 4. e5 Nc6 5. Nf3 f6 6. exf6 Nxf6 7. Bg5 0-0 8. Bd3 Qd6 9. 0-0 Bxc3 10. bxc3 Ng4 11. h3 Rxf3 12. hxg4 Rf7 13. g3 h6 14. Bf4 Qe7 15. Kg2 g5 16. Be3 Bd7 17. Rh1 Rf6 18. Rh3 Raf8 19. Qh1 Kg7 20. Rf1 e5 21. Bf5 Bxf5 22. gxf5 Rd6 23. g4 exd4 24. Bc1 Re8 25. Kg1 Qe4 26. f3 Qxc2 27. Bxg5 hxg5 28. Rh7+ Kf6 29. Qh6+ Ke5 30. f4+ Ke4 31. f6 Qe2 32. Qg6+ Ke3 33. Qxe8+ Kd3 34. Rh3+ Qe3+ 35. Rxe3+ dxe3 36. f7 gxf4 37. f8Q e2 38. Qf5+ Kxc3 39. Qe3+ Kc4 40. Rc1+ Kb5 41. Qb1+ Nb4 42. Qxb4+ Kxb4 43. Qb3+ 1-0